[Event "Torneo de Benidorm sub 2000 2019"]
[Site "Benidorm ESP"]
[Date "2019.12.02"]
[Round "4.12"]
[White "Wlogalski, Olivier"]
[Black "Santos Folch, Adolfo"]
[Result "1-0"]
[WhiteElo "1858"]
[BlackElo "1988"]
[PlyCount "91"]
[EventDate "2019.11.29"]
[EventType "swiss"]
[EventRounds "10"]
[EventCountry "ESP"]
[SourceTitle "Ajedrez en Madrid"]
[Source "lmi"]
[SourceDate "2019.11.30"]
[SourceVersion "1"]
[SourceVersionDate "2019.12.08"]
[SourceQuality "1"]

1. c4 e5 2. Nc3 Nc6 3. d3 f5 4. Nf3 Nf6 5. Bg5 Be7 6. g3 h6 7. Bxf6 Bxf6 8. Bg2
O-O 9. O-O g5 10. Nd2 d6 11. Nd5 Bg7 12. Rb1 Ne7 13. b4 Nxd5 14. Bxd5+ Kh8 15.
b5 f4 16. Nb3 g4 17. Qd2 Qg5 18. f3 gxf3 19. exf3 a6 20. g4 h5 21. h3 Qh4 22.
Rf2 axb5 23. cxb5 Bf6 24. Rh2 Bd8 25. Kh1 Ra7 26. d4 Bd7 27. dxe5 dxe5 28. Nc5
Bc8 29. Rg1 c6 30. bxc6 bxc6 31. Bb3 Qe7 32. Ne4 Bb6 33. Rd1 Rd8 34. Qc3 Rxd1+
35. Bxd1 Be3 36. Bb3 c5 37. Qc4 Qg7 38. Rg2 Ba6 39. Qe6 Re7 40. Qxa6 c4 41.
Bxc4 Rb7 42. Bb3 Rb6 43. Qc8+ Kh7 44. Qf5+ Kh8 45. gxh5 Qe7 46. Rg8# 1-0

[Event "Torneo de Benidorm sub 2000 2019"]
[Site "Benidorm ESP"]
[Date "2019.12.02"]
[Round "4.13"]
[White "Estevez Jacome, Jose Ramon"]
[Black "Torras Campdelacreu, Xavier"]
[Result "1-0"]
[WhiteElo "1981"]
[BlackElo "1853"]
[PlyCount "114"]
[EventDate "2019.11.29"]
[EventType "swiss"]
[EventRounds "10"]
[EventCountry "ESP"]
[SourceTitle "Ajedrez en Madrid"]
[Source "lmi"]
[SourceDate "2019.11.30"]
[SourceVersion "1"]
[SourceVersionDate "2019.12.08"]
[SourceQuality "1"]

1. e4 c5 2. Nf3 d6 3. d4 cxd4 4. Nxd4 Nf6 5. Nc3 a6 6. Bc4 b5 7. Bb3 Bb7 8. O-O
Nbd7 9. f4 Nc5 10. e5 Nxb3 11. axb3 b4 12. exf6 bxc3 13. fxe7 Bxe7 14. Nf5 O-O
15. Nxe7+ Qxe7 16. bxc3 Qe4 17. Qd2 f5 18. Ba3 Rf6 19. Rae1 Qc6 20. Rf2 Rg6 21.
c4 Qb6 22. Kf1 Be4 23. Rd1 Rd8 24. Qd4 Qc6 25. Rdd2 h5 26. c5 Qb5+ 27. Kg1 d5
28. Bb2 Re8 29. Rd1 Ree6 30. c4 dxc4 31. Qxc4 Qxc4 32. bxc4 Rg4 33. Rd6 Reg6
34. Rxg6 Rxg6 35. Be5 Bd3 36. Rd2 Bxc4 37. Kf2 Bb5 38. Bd6 Re6 39. Be5 g6 40.
Kg3 Kf7 41. Kh4 Ke8 42. Kg5 Bc4 43. Kh6 Bb5 44. Kg7 g5 45. Bf6 Bd7 46. Bxg5 a5
47. Bf6 a4 48. Kg6 h4 49. Kg5 a3 50. Be5 Ra6 51. Kxh4 a2 52. Rd1 Bc6 53. h3 Be4
54. g4 Bb1 55. g5 Re6 56. Ba1 Kf7 57. Rd7+ Kg8 1-0

[Event "Torneo de Benidorm sub 2000 2019"]
[Site "Benidorm ESP"]
[Date "2019.12.02"]
[Round "4.14"]
[White "Gutierrez Abarrategui, Luis"]
[Black "Segura Del Frago, Imanol"]
[Result "1-0"]
[WhiteElo "1855"]
[BlackElo "1973"]
[PlyCount "151"]
[EventDate "2019.11.29"]
[EventType "swiss"]
[EventRounds "10"]
[EventCountry "ESP"]
[SourceTitle "Ajedrez en Madrid"]
[Source "lmi"]
[SourceDate "2019.11.30"]
[SourceVersion "1"]
[SourceVersionDate "2019.12.08"]
[SourceQuality "1"]

1. d4 d5 2. Nc3 Nf6 3. Bf4 e6 4. e3 Bd6 5. Bd3 Bxf4 6. exf4 O-O 7. g4 c5 8.
dxc5 Nfd7 9. Nf3 Nxc5 10. Qd2 Nc6 11. O-O-O Nxd3+ 12. Qxd3 Bd7 13. h4 Rc8 14.
g5 Qa5 15. a3 b5 16. Ne5 Nxe5 17. fxe5 b4 18. axb4 Qxb4 19. h5 Rb8 20. h6 Qf4+
21. Kb1 g6 22. Qd4 Qxg5 23. f4 Qe7 24. Rd3 Rfc8 25. f5 Bb5 26. Nxb5 Rxb5 27.
fxg6 fxg6 28. Rf1 Qb4 29. b3 Qxd4 30. Rxd4 Rf8 31. Rxf8+ Kxf8 32. Ra4 Rb7 33.
Kc1 Kf7 34. Rf4+ Ke7 35. Kd2 Kd7 36. Rf7+ Kc6 37. Rg7 Rc7 38. Ke3 a5 39. Kf4
Kb6 40. Rxc7 Kxc7 41. Kg5 Kc6 42. c3 d4 43. cxd4 Kd5 44. Kf6 g5 45. Kxg5 Kxd4
46. Kf6 Kc3 47. Kxe6 Kxb3 48. Kf7 a4 49. e6 a3 50. e7 a2 51. e8=Q a1=Q 52. Qb5+
Kc2 53. Qf5+ Kd2 54. Qxh7 Qa7+ 55. Kg8 Qb8+ 56. Kg7 Qc7+ 57. Kh8 Qe5+ 58. Qg7
Qe8+ 59. Kh7 Qe4+ 60. Qg6 Qe7+ 61. Kg8 Qd8+ 62. Kg7 Qd4+ 63. Qf6 Qd7+ 64. Kg6
Qe8+ 65. Kg5 Qg8+ 66. Kh4 Qc4+ 67. Kg5 Qg8+ 68. Qg6 Qd5+ 69. Qf5 Qg8+ 70. Kh5
Qe8+ 71. Kg4 Qe2+ 72. Kg5 Qe7+ 73. Qf6 Qc5+ 74. Kg6 Qc2+ 75. Kh5 Qc5+ 76. Qg5+
1-0

[Event "Torneo de Benidorm sub 2000 2019"]
[Site "Benidorm ESP"]
[Date "2019.12.02"]
[Round "4.15"]
[White "Van Hoecke, Luc"]
[Black "Oreshkin, Vladislav"]
[Result "1/2-1/2"]
[WhiteElo "1968"]
[BlackElo "1847"]
[PlyCount "87"]
[EventDate "2019.11.29"]
[EventType "swiss"]
[EventRounds "10"]
[EventCountry "ESP"]
[SourceTitle "Ajedrez en Madrid"]
[Source "lmi"]
[SourceDate "2019.11.30"]
[SourceVersion "1"]
[SourceVersionDate "2019.12.08"]
[SourceQuality "1"]

1. c4 c5 2. Nf3 b6 3. Nc3 e6 4. e4 Bb7 5. d4 cxd4 6. Nxd4 a6 7. Nc2 Qc7 8. Be2
Nf6 9. f3 Bd6 10. Be3 Bxh2 11. Na4 Bg3+ 12. Kf1 Nc6 13. Nxb6 Rb8 14. c5 O-O 15.
Qd2 Ne5 16. Rd1 Bc6 17. Bxa6 Ng6 18. Bc4 Be5 19. b4 Bxe4 20. Nd4 Rxb6 21. cxb6
Qxc4+ 22. Qe2 Bd5 23. Nc2 Qxa2 24. Kf2 Bc6 25. Bc5 Rc8 26. Nd4 Qxe2+ 27. Nxe2
Nd5 28. Nd4 Bb7 29. Nb5 h6 30. g3 Nf8 31. f4 Bb8 32. Rh2 d6 33. Bxd6 Bxd6 34.
Nxd6 Rb8 35. Ra1 Nxb6 36. Ra7 Bd5 37. Nxf7 Nbd7 38. Nd6 Rxb4 39. f5 Rb2+ 40.
Kg1 Rb3 41. fxe6 Rxg3+ 42. Kf2 Rf3+ 43. Ke2 Nxe6 44. Rxd7 1/2-1/2

[Event "Torneo de Benidorm sub 2000 2019"]
[Site "Benidorm ESP"]
[Date "2019.12.02"]
[Round "4.16"]
[White "Iglesias Ferreira, Andres"]
[Black "Cuellar Gutierrez, Raul"]
[Result "1/2-1/2"]
[WhiteElo "1850"]
[BlackElo "1967"]
[PlyCount "157"]
[EventDate "2019.11.29"]
[EventType "swiss"]
[EventRounds "10"]
[EventCountry "ESP"]
[SourceTitle "Ajedrez en Madrid"]
[Source "lmi"]
[SourceDate "2019.11.30"]
[SourceVersion "1"]
[SourceVersionDate "2019.12.08"]
[SourceQuality "1"]

1. e4 e6 2. d4 d5 3. Nc3 Nf6 4. Bg5 dxe4 5. Nxe4 Be7 6. Bxf6 gxf6 7. Qd2 f5 8.
Ng3 c5 9. Nf3 Nc6 10. Bb5 Qb6 11. Bxc6+ bxc6 12. O-O-O Rb8 13. b3 cxd4 14. Qxd4
Qxd4 15. Nxd4 Bb7 16. Rhe1 O-O 17. Kb1 Bb4 18. Rg1 Rfd8 19. Nh5 a5 20. g4 f4
21. Nf3 Bc3 22. g5 c5 23. Nh4 a4 24. Nf6+ Kg7 25. Nd7 Rbc8 26. Nb6 Rxd1+ 27.
Rxd1 Rc7 28. Nxa4 Bd4 29. Rd2 f3 30. b4 Be4 31. Nxc5 Bxc5 32. bxc5 Rxc5 33. Rd4
Bxc2+ 34. Kb2 e5 35. Rg4 Bd3 36. Nxf3 Rc2+ 37. Kb3 Rxf2 38. Nxe5 Bf5 39. Rh4
Be6+ 40. Nc4 Kg6 41. a4 Kxg5 42. Re4 Rxh2 43. a5 Kf5 44. Re5+ Kf6 45. Re4 Kf5
46. Rd4 Rg2 47. Kb4 Rg1 48. Nb6 Rb1+ 49. Kc5 Ke5 50. Ra4 Rc1+ 51. Kb5 Kd6 52.
a6 Rb1+ 53. Rb4 Rxb4+ 54. Kxb4 Bh3 55. Kc3 Bg2 56. a7 Kc7 57. Nc4 h5 58. Kd4 h4
59. Ke3 f6 60. Kf4 Kb7 61. a8=Q+ Kxa8 62. Ne3 Bh3 63. Ng4 Bxg4 64. Kxg4 Kb7 65.
Kxh4 Kc7 66. Kg4 Kd6 67. Kf5 Ke7 68. Ke4 Ke6 69. Kf4 f5 70. Kf3 Ke5 71. Ke3 Ke6
72. Kf3 Ke5 73. Ke3 f4+ 74. Kf3 Kf5 75. Kf2 Kg4 76. Kg2 f3+ 77. Kf2 Kf4 78. Kf1
Ke3 79. Ke1 1/2-1/2

[Event "Torneo de Benidorm sub 2000 2019"]
[Site "Benidorm ESP"]
[Date "2019.12.02"]
[Round "4.17"]
[White "Custard Gasco, Daniela Brenda"]
[Black "Bordes Ibañez, Juan"]
[Result "0-1"]
[WhiteElo "1838"]
[BlackElo "1961"]
[PlyCount "52"]
[EventDate "2019.11.29"]
[EventType "swiss"]
[EventRounds "10"]
[EventCountry "ESP"]
[SourceTitle "Ajedrez en Madrid"]
[Source "lmi"]
[SourceDate "2019.11.30"]
[SourceVersion "1"]
[SourceVersionDate "2019.12.08"]
[SourceQuality "1"]

1. e4 c5 2. Nf3 Nc6 3. d4 cxd4 4. Nxd4 Nf6 5. Nc3 d6 6. Bg5 e6 7. Qd2 Be7 8.
O-O-O O-O 9. f4 Nxd4 10. Qxd4 Qa5 11. Kb1 e5 12. Qd2 exf4 13. Bxf4 Rd8 14. Bc4
Be6 15. Bd5 Rac8 16. h3 Rc7 17. Bxe6 fxe6 18. Nd5 Qxd2 19. Nxf6+ gxf6 20. Rxd2
Rc4 21. Re1 d5 22. Rde2 Rxe4 23. Rxe4 dxe4 24. Rxe4 Rd1+ 25. Bc1 f5 26. Re3 Bg5
0-1

[Event "Torneo de Benidorm sub 2000 2019"]
[Site "Benidorm ESP"]
[Date "2019.12.02"]
[Round "4.18"]
[White "Santamaria Baeza, Adolfo"]
[Black "Scala, Lijubomir"]
[Result "1-0"]
[WhiteElo "1834"]
[BlackElo "1952"]
[PlyCount "73"]
[EventDate "2019.11.29"]
[EventType "swiss"]
[EventRounds "10"]
[EventCountry "ESP"]
[SourceTitle "Ajedrez en Madrid"]
[Source "lmi"]
[SourceDate "2019.11.30"]
[SourceVersion "1"]
[SourceVersionDate "2019.12.08"]
[SourceQuality "1"]

1. e4 e6 2. Nf3 d5 3. e5 c5 4. d4 Nc6 5. c3 Bd7 6. a3 a5 7. Bd3 Qb6 8. Bc2 g6
9. O-O cxd4 10. cxd4 Bh6 11. Nc3 Bxc1 12. Na4 Qa7 13. Rxc1 b6 14. Bd3 Nge7 15.
Nc3 Nd8 16. Qd2 h6 17. Bb5 Rc8 18. a4 Kf8 19. Qf4 Nf5 20. g4 g5 21. Qd2 Ng7 22.
Ne1 h5 23. Qxg5 hxg4 24. Ng2 Nc6 25. Bxc6 Bxc6 26. Nb5 Qd7 27. Nd6 Rc7 28. b3
Ne8 29. Nxe8 Qxe8 30. Rc3 Rg8 31. Qf6 Rg6 32. Qh4 Rc8 33. Nf4 Rg8 34. Qh6+ Ke7
35. Rfc1 Bd7 36. Rxc8 Bxc8 37. Nxd5+ 1-0

[Event "Torneo de Benidorm sub 2000 2019"]
[Site "Benidorm ESP"]
[Date "2019.12.02"]
[Round "4.19"]
[White "Trabazos Gallego, Javier"]
[Black "Alonso Igual, Ignacio"]
[Result "1-0"]
[WhiteElo "1939"]
[BlackElo "1780"]
[PlyCount "95"]
[EventDate "2019.11.29"]
[EventType "swiss"]
[EventRounds "10"]
[EventCountry "ESP"]
[SourceTitle "Ajedrez en Madrid"]
[Source "lmi"]
[SourceDate "2019.11.30"]
[SourceVersion "1"]
[SourceVersionDate "2019.12.08"]
[SourceQuality "1"]

1. e4 c6 2. Nc3 d5 3. Qf3 dxe4 4. Nxe4 Nf6 5. Nxf6+ exf6 6. Bc4 Bd6 7. Qe2+ Qe7
8. Qxe7+ Kxe7 9. Nf3 Re8 10. O-O Kf8 11. d3 Nd7 12. Be3 Ne5 13. Nxe5 fxe5 14.
Rad1 Bf5 15. a3 Ke7 16. Rfe1 Kf6 17. h3 Be6 18. Bxe6 Rxe6 19. Re2 Ke7 20. Rde1
Kd7 21. g3 a6 22. Kg2 Rae8 23. Bb6 Bc7 24. Bc5 Bd6 25. Bb6 Bc7 26. Bxc7 Kxc7
27. f4 Kd6 28. f5 R6e7 29. g4 f6 30. Kf3 g6 31. Rg1 Rg7 32. Reg2 Reg8 33. Ke4
g5 34. Kf3 h5 35. gxh5 Rh7 36. h4 g4+ 37. Rxg4 Rgh8 38. Rg6 Rxh5 39. Rxf6+ Kc5
40. Rg4 Rxh4 41. Rfg6 Rxg4 42. Kxg4 Kd5 43. Rg7 b5 44. Rd7+ Kc5 45. f6 Rh2 46.
Kf5 Rxc2 47. b4+ Kb6 48. f7 1-0

[Event "Torneo de Benidorm sub 2000 2019"]
[Site "Benidorm ESP"]
[Date "2019.12.02"]
[Round "4.20"]
[White "Martinez De Soria Gordon, Jose M"]
[Black "Opseth, Oliver"]
[Result "1-0"]
[WhiteElo "1926"]
[BlackElo "1795"]
[PlyCount "103"]
[EventDate "2019.11.29"]
[EventType "swiss"]
[EventRounds "10"]
[EventCountry "ESP"]
[SourceTitle "Ajedrez en Madrid"]
[Source "lmi"]
[SourceDate "2019.11.30"]
[SourceVersion "1"]
[SourceVersionDate "2019.12.08"]
[SourceQuality "1"]

1. e4 c5 2. Nc3 Nc6 3. g3 g6 4. Bg2 Bg7 5. d3 d6 6. Be3 Nf6 7. Qc1 h6 8. Nge2
Bd7 9. O-O Qc8 10. f3 h5 11. h4 Bh3 12. Rf2 Bxg2 13. Kxg2 e5 14. Nb5 Qd7 15. c3
Ne7 16. Na3 g5 17. Bxg5 Ng6 18. c4 Nh7 19. Nb5 f6 20. Be3 Kf7 21. Qh1 Rhg8 22.
Qh3 Qe7 23. Kh2 Nhf8 24. Nbc3 Nd7 25. f4 Nb6 26. Qf5 Raf8 27. Qxh5 Rh8 28. Qg4
Rfg8 29. f5 Nf8 30. Rh1 Ke8 31. Kg1 Kd8 32. Qf3 Bh6 33. Rg2 Qf7 34. g4 a6 35.
a4 a5 36. b3 Nfd7 37. Nb5 Ke7 38. Nec3 Rh7 39. Bxh6 Rxh6 40. Nc7 Rhh8 41. g5
Qh7 42. Rhh2 Kd8 43. Ne6+ Kc8 44. Nb5 Qe7 45. Qe3 Rh7 46. Qd2 Rgh8 47. Qe1 Rh5
48. g6 Rg8 49. Qe2 Rh6 50. h5 Kb8 51. Qd2 Rhh8 52. h6 1-0

[Event "Torneo de Benidorm sub 2000 2019"]
[Site "Benidorm ESP"]
[Date "2019.12.02"]
[Round "4.21"]
[White "Roviralta Montero, Axel"]
[Black "Marchenko, Valentyn"]
[Result "0-1"]
[WhiteElo "1768"]
[BlackElo "1915"]
[PlyCount "68"]
[EventDate "2019.11.29"]
[EventType "swiss"]
[EventRounds "10"]
[EventCountry "ESP"]
[SourceTitle "Ajedrez en Madrid"]
[Source "lmi"]
[SourceDate "2019.11.30"]
[SourceVersion "1"]
[SourceVersionDate "2019.12.08"]
[SourceQuality "1"]

1. e4 d5 2. exd5 Qxd5 3. Nc3 Qa5 4. Nf3 Nf6 5. d3 Bg4 6. Be2 Nc6 7. O-O e6 8.
h3 Bh5 9. Bd2 Be7 10. a3 Qc5 11. b4 Qd6 12. Nb5 Qd7 13. Qb1 O-O 14. Re1 Rfd8
15. Qb3 a6 16. Nc3 Bxf3 17. Bxf3 Nd4 18. Qa2 Nxf3+ 19. gxf3 Qc6 20. Ne4 Rd5 21.
Bf4 Rf5 22. Bg3 Nd5 23. Kg2 Nf4+ 24. Kh2 e5 25. Bxf4 Rxf4 26. Nd2 Qh6 27. Re4
Rf5 28. Rd1 Rh5 29. Qd5 Rxh3+ 30. Kg2 Rh2+ 31. Kf1 Bh4 32. Re2 Bg5 33. Re4 Rh1+
34. Ke2 Rxd1 0-1

[Event "Torneo de Benidorm sub 2000 2019"]
[Site "Benidorm ESP"]
[Date "2019.12.02"]
[Round "4.22"]
[White "Gomez Calvo, Jose Ricardo"]
[Black "Martinez Rodriguez, Eugenio"]
[Result "1/2-1/2"]
[WhiteElo "1914"]
[BlackElo "1777"]
[PlyCount "68"]
[EventDate "2019.11.29"]
[EventType "swiss"]
[EventRounds "10"]
[EventCountry "ESP"]
[SourceTitle "Ajedrez en Madrid"]
[Source "lmi"]
[SourceDate "2019.11.30"]
[SourceVersion "1"]
[SourceVersionDate "2019.12.08"]
[SourceQuality "1"]

1. Nf3 Nf6 2. c4 c5 3. d4 cxd4 4. Nxd4 Nc6 5. Nc3 g6 6. g3 Bg7 7. Bg2 O-O 8.
O-O Qa5 9. Nc2 Qc5 10. Ne3 Ne5 11. Ncd5 Nxd5 12. cxd5 d6 13. Qb3 b5 14. a4 Ba6
15. axb5 Qxb5 16. Qa3 Bb7 17. Re1 Rfc8 18. Nd1 Nc4 19. Qd3 Qb6 20. Rb1 Ba6 21.
Qe4 Rc7 22. b3 Qa5 23. Rf1 Nd2 24. Bxd2 Qxd2 25. Bf3 Bf6 26. h4 Rac8 27. Bg4
Rb8 28. h5 Rc2 29. hxg6 hxg6 30. Ne3 Rb2 31. Nc4 Bxc4 32. Rxb2 Bxb2 33. Qxc4
Qb4 34. Qc7 Qb7 1/2-1/2

[Event "Torneo de Benidorm sub 2000 2019"]
[Site "Benidorm ESP"]
[Date "2019.12.03"]
[Round "5.1"]
[White "Nahornyi, Ihor"]
[Black "Moya Mallafre, Daniel Erik"]
[Result "1-0"]
[WhiteElo "1999"]
[BlackElo "1886"]
[PlyCount "85"]
[EventDate "2019.11.29"]
[EventType "swiss"]
[EventRounds "10"]
[EventCountry "ESP"]
[SourceTitle "Ajedrez en Madrid"]
[Source "lmi"]
[SourceDate "2019.11.30"]
[SourceVersion "1"]
[SourceVersionDate "2019.12.08"]
[SourceQuality "1"]

1. e4 c6 2. d4 d5 3. exd5 cxd5 4. c4 Nf6 5. Nc3 Nc6 6. Nf3 Bg4 7. cxd5 Nxd5 8.
Qb3 Bxf3 9. gxf3 e6 10. Qxb7 Nxd4 11. Bb5+ Nxb5 12. Qc6+ Ke7 13. Qxb5 Nxc3 14.
bxc3 Rb8 15. Qc5+ Ke8 16. Qxa7 Bd6 17. Be3 Qf6 18. Qa4+ Ke7 19. O-O Qxf3 20.
Rfd1 Rhd8 21. Rd4 Bc7 22. Qc4 Rd7 23. Rad1 Rbd8 24. Rxd7+ Rxd7 25. Rxd7+ Kxd7
26. Qd4+ Qd5 27. Qxg7 Qd1+ 28. Kg2 Qd5+ 29. Kg1 Qd1+ 30. Kg2 Qd5+ 31. f3 Qxa2+
32. Bf2 Bb6 33. Qxf7+ Kc6 34. Qe8+ Kc7 35. Qe7+ Kc6 36. Qh4 Qd2 37. Qe4+ Kc7
38. Qxh7+ Kc6 39. Qe4+ Kc7 40. Qe1 Qg5+ 41. Bg3+ Kd7 42. Qd1+ Ke7 43. Qd6+ 1-0

[Event "Torneo de Benidorm sub 2000 2019"]
[Site "Benidorm ESP"]
[Date "2019.12.03"]
[Round "5.2"]
[White "Hamilton, Douglas"]
[Black "Machin Arbelo, Pedro Alexis"]
[Result "0-1"]
[WhiteElo "1836"]
[BlackElo "1995"]
[PlyCount "110"]
[EventDate "2019.11.29"]
[EventType "swiss"]
[EventRounds "10"]
[EventCountry "ESP"]
[SourceTitle "Ajedrez en Madrid"]
[Source "lmi"]
[SourceDate "2019.11.30"]
[SourceVersion "1"]
[SourceVersionDate "2019.12.08"]
[SourceQuality "1"]

1. d4 Nf6 2. Nc3 d5 3. Bf4 c6 4. e3 Bf5 5. f3 h5 6. Bd3 Bxd3 7. Qxd3 e6 8. Nge2
Qb6 9. O-O Nbd7 10. Kh1 g6 11. e4 Bh6 12. exd5 cxd5 13. Bxh6 Rxh6 14. Qb5 a6
15. Qxb6 Nxb6 16. b3 Rc8 17. Rac1 Ke7 18. Nd1 Ne8 19. Ne3 Nd6 20. a4 Rhh8 21.
Rfe1 Kf6 22. Kg1 Nf5 23. Nxf5 Kxf5 24. Kf2 a5 25. c3 Rc7 26. Rcd1 Nc8 27. Rd3
Nd6 28. Rb1 Rhc8 29. Ra1 Kf6 30. Re3 g5 31. Re5 Nf5 32. Re1 Rc6 33. Rb1 Kg6 34.
g4 hxg4 35. fxg4 Nd6 36. h4 Ne4+ 37. Rxe4 dxe4 38. h5+ Kh6 39. Ke3 f5 40. c4
Rb6 41. c5 Rb4 42. Nc3 b6 43. Na2 bxc5 44. Nxb4 cxb4 45. gxf5 exf5 46. d5 Rc3+
47. Kd4 Kxh5 48. Ke5 Kg6 49. Rd1 Rd3 50. Rc1 e3 51. Rc6+ Kh5 52. Rc1 f4 53. d6
e2 54. Kf5 Rd1 55. Rc8 Rd5+ 0-1

[Event "Torneo de Benidorm sub 2000 2019"]
[Site "Benidorm ESP"]
[Date "2019.12.03"]
[Round "5.3"]
[White "Tusu, Nicolae-Dan"]
[Black "Rojas Fernandez, Andres"]
[Result "0-1"]
[WhiteElo "1817"]
[BlackElo "1888"]
[PlyCount "120"]
[EventDate "2019.11.29"]
[EventType "swiss"]
[EventRounds "10"]
[EventCountry "ESP"]
[SourceTitle "Ajedrez en Madrid"]
[Source "lmi"]
[SourceDate "2019.11.30"]
[SourceVersion "1"]
[SourceVersionDate "2019.12.08"]
[SourceQuality "1"]

1. e4 e6 2. d4 d5 3. Nd2 dxe4 4. Nxe4 Nd7 5. Nf3 Ngf6 6. Ng3 c5 7. Be2 cxd4 8.
Nxd4 Bc5 9. O-O O-O 10. Nb3 Bb6 11. Bg5 Qe7 12. c3 h6 13. Bd2 Ne5 14. Qc2 Bd7
15. Rad1 Rac8 16. Bf4 Ng6 17. Bd6 Qd8 18. Bxf8 Nxf8 19. Bf3 Qc7 20. Rd2 Ng6 21.
Rfd1 Ne5 22. Be2 Ba4 23. Ne4 Nd5 24. h3 f5 25. Ng3 Ng4 26. Bxg4 Qxg3 27. Bxf5
Nf4 28. Rd8+ Rxd8 29. Rxd8+ Kf7 30. Bxe6+ Ke7 31. Bd5 Kxd8 32. Qd2 Qxf2+ 33.
Qxf2 Bxf2+ 34. Kxf2 Nxd5 35. Nc5 Bc6 36. Ne6+ Kd7 37. Nxg7 Nf4 38. Nf5 Nxg2 39.
Nxh6 Nf4 40. Kg3 Nd3 41. b4 Bd5 42. a4 Nb2 43. Ng4 Nxa4 44. c4 Be6 45. h4 Nb2
46. h5 Nxc4 47. h6 Bf5 48. Nf6+ Kc6 49. Kf4 Nd6 50. Ke5 Bb1 51. Ke6 Ba2+ 52.
Ke7 Nf5+ 53. Kd8 Nxh6 54. Kc8 Be6+ 55. Kb8 a6 56. Ka7 Nf7 57. Ne4 Bc4 58. Nc5
Nd6 59. Na4 Kb5 60. Nc5 Kxb4 0-1

[Event "Torneo de Benidorm sub 2000 2019"]
[Site "Benidorm ESP"]
[Date "2019.12.03"]
[Round "5.5"]
[White "Glebova, Anastasia"]
[Black "Estevez Jacome, Jose Ramon"]
[Result "1/2-1/2"]
[WhiteElo "1908"]
[BlackElo "1981"]
[PlyCount "85"]
[EventDate "2019.11.29"]
[EventType "swiss"]
[EventRounds "10"]
[EventCountry "ESP"]
[SourceTitle "Ajedrez en Madrid"]
[Source "lmi"]
[SourceDate "2019.11.30"]
[SourceVersion "1"]
[SourceVersionDate "2019.12.08"]
[SourceQuality "1"]

1. d4 Nf6 2. Nf3 e6 3. e3 c5 4. c4 cxd4 5. exd4 d5 6. Nc3 Be7 7. Be2 O-O 8. O-O
dxc4 9. Bxc4 a6 10. a3 b5 11. Ba2 Bb7 12. Be3 Nc6 13. d5 exd5 14. Nxd5 Nxd5 15.
Qxd5 Bf6 16. Rab1 Qxd5 17. Bxd5 Rad8 18. Ba2 h6 19. h3 Ne7 20. Nh2 Be4 21. Rbd1
Bxb2 22. Bc5 Bf6 23. Ng4 Bg5 24. Ne5 Rc8 25. Bb4 Rc2 26. Nxf7 Bf6 27. Bb3 Rb2
28. Be6 Kh7 29. Rd7 Rxb4 30. axb4 Nc6 31. Nd6 Bg6 32. Rc1 Ne5 33. Rb7 Nd3 34.
Rc8 Rxc8 35. Bxc8 Be5 36. Nf5 Nxb4 37. Be6 Nd3 38. Ne7 Nc5 39. Bg8+ Kh8 40. Ra7
Be4 41. Bf7 Bf6 42. Ra8+ Bxa8 43. Ng6+ 1/2-1/2

[Event "Torneo de Benidorm sub 2000 2019"]
[Site "Benidorm ESP"]
[Date "2019.12.03"]
[Round "5.6"]
[White "Westerweele, Henrik"]
[Black "Izagirre Alsua, Aritz"]
[Result "1/2-1/2"]
[WhiteElo "1977"]
[BlackElo "1881"]
[PlyCount "89"]
[EventDate "2019.11.29"]
[EventType "swiss"]
[EventRounds "10"]
[EventCountry "ESP"]
[SourceTitle "Ajedrez en Madrid"]
[Source "lmi"]
[SourceDate "2019.11.30"]
[SourceVersion "1"]
[SourceVersionDate "2019.12.08"]
[SourceQuality "1"]

1. e4 c5 2. c3 g6 3. d4 cxd4 4. cxd4 d5 5. exd5 Nf6 6. Nf3 Nxd5 7. h3 Bg7 8.
Nc3 Nc6 9. Bc4 Nb6 10. Bb5 O-O 11. Be3 Nd5 12. O-O Nxe3 13. fxe3 e6 14. Rc1 Bd7
15. Qe2 a6 16. Bd3 Nb4 17. Bb1 Bc6 18. Ne5 Be8 19. a3 Nc6 20. Nf3 b5 21. Be4
Rc8 22. b4 Qd6 23. Rfd1 f5 24. Bb1 Ne7 25. Ba2 Nd5 26. Nxd5 Rxc1 27. Rxc1 exd5
28. Rc5 Bc6 29. Qc2 Ba8 30. Bb3 Qe6 31. Qe2 Re8 32. Ng5 Qe7 33. Nf3 h6 34. Kf2
Kh7 35. Bxd5 Bxd5 36. Rxd5 f4 37. Ne5 Qh4+ 38. Kg1 Qg3 39. exf4 Qxf4 40. Qg4
Qe3+ 41. Kh2 Rxe5 42. Rxe5 Bxe5+ 43. dxe5 Qxe5+ 44. Qg3 Qe6 45. Qc7+ 1/2-1/2

[Event "Torneo de Benidorm sub 2000 2019"]
[Site "Benidorm ESP"]
[Date "2019.12.03"]
[Round "5.7"]
[White "Bordes Ibañez, Juan"]
[Black "Gochev, Plamen"]
[Result "0-1"]
[WhiteElo "1961"]
[BlackElo "1887"]
[PlyCount "108"]
[EventDate "2019.11.29"]
[EventType "swiss"]
[EventRounds "10"]
[EventCountry "ESP"]
[SourceTitle "Ajedrez en Madrid"]
[Source "lmi"]
[SourceDate "2019.11.30"]
[SourceVersion "1"]
[SourceVersionDate "2019.12.08"]
[SourceQuality "1"]

1. Nf3 Nf6 2. c4 e6 3. Nc3 d5 4. d4 c6 5. e3 Nbd7 6. Bd3 Be7 7. O-O O-O 8. b3
Qa5 9. Bd2 Qd8 10. e4 dxe4 11. Nxe4 Nxe4 12. Bxe4 Nf6 13. Bc2 b6 14. Bc3 c5 15.
Qe2 Bb7 16. Rad1 Qc7 17. Rfe1 cxd4 18. Nxd4 Rad8 19. Nf5 exf5 20. Qxe7 Qxe7 21.
Rxe7 Rxd1+ 22. Bxd1 Rd8 23. Bf3 Bxf3 24. gxf3 Nd7 25. Bb4 a6 26. a4 a5 27. Bd6
Nf6 28. Bc7 Rd7 29. Rxd7 Nxd7 30. Kf1 f6 31. Ke2 Kf7 32. Kd3 Ke6 33. Kc3 g5 34.
b4 h5 35. bxa5 bxa5 36. Bxa5 Ne5 37. Bc7 Nxf3 38. a5 Kd7 39. Bb8 Kc8 40. Bd6
Kd7 41. a6 Kc6 42. c5 f4 43. a7 Kb7 44. Bb8 Ne5 45. Kd4 Nc6+ 46. Ke4 h4 47. f3
Nxb8 48. axb8=Q+ Kxb8 49. h3 Kc7 50. Kd3 Kd7 51. Ke4 Kc6 52. Kd4 f5 53. Kc4 g4
54. fxg4 fxg4 0-1

[Event "Torneo de Benidorm sub 2000 2019"]
[Site "Benidorm ESP"]
[Date "2019.12.03"]
[Round "5.8"]
[White "Nazarov, Alexander"]
[Black "Wlogalski, Olivier"]
[Result "1/2-1/2"]
[WhiteElo "1943"]
[BlackElo "1858"]
[PlyCount "100"]
[EventDate "2019.11.29"]
[EventType "swiss"]
[EventRounds "10"]
[EventCountry "ESP"]
[SourceTitle "Ajedrez en Madrid"]
[Source "lmi"]
[SourceDate "2019.11.30"]
[SourceVersion "1"]
[SourceVersionDate "2019.12.08"]
[SourceQuality "1"]

1. d4 b6 2. e4 Bb7 3. Bd3 e6 4. Nf3 c5 5. c3 Nf6 6. Qe2 Be7 7. O-O Nc6 8. Nbd2
Na5 9. e5 Nd5 10. Ne4 h6 11. Bd2 cxd4 12. Nxd4 O-O 13. Qh5 f5 14. exf6 Nxf6 15.
Nxf6+ Rxf6 16. Rae1 Rc8 17. f4 Nc4 18. Bc1 Bc5 19. Kh1 Bxd4 20. cxd4 Nd6 21.
Bd2 Bd5 22. a3 Bc4 23. Qe2 Bxd3 24. Qxd3 Nc4 25. b3 Nxd2 26. Qxd2 Qf8 27. a4
Qd6 28. Re5 Qc6 29. d5 Qc3 30. Qxc3 Rxc3 31. g3 Rxb3 32. dxe6 Rxe6 33. Rxe6
dxe6 34. Rc1 Ra3 35. Rc8+ Kh7 36. Rc4 Kg6 37. Kg2 Kf5 38. Rb4 g5 39. Rb5+ Kf6
40. fxg5+ hxg5 41. Rb4 e5 42. h4 Rd3 43. hxg5+ Kxg5 44. Rb5 Kf6 45. a5 Rd6 46.
axb6 axb6 47. Kf3 Ke6 48. Ke4 Rd4+ 49. Ke3 Rd6 50. Ke4 Rd4+ 1/2-1/2